<?xml version="1.0" encoding="UTF-8"?>
<marc:record xmlns:marc="http://www.loc.gov/MARC21/slim">
   <marc:leader>00000nam a2200000 a 4500</marc:leader>
   <marc:datafield ind1="1" ind2=" " tag="100">
      <marc:subfield code="a">Twisselmann,Hans-Jürgen</marc:subfield>
      <marc:subfield code="4">aut</marc:subfield>
      <marc:subfield code="e">Verfasser/-in</marc:subfield>
   </marc:datafield>
   <marc:datafield ind1="0" ind2="0" tag="245">
      <marc:subfield code="a">Vom ""Zeugen Jehovas"" zum Zeugen Jesu Christi</marc:subfield>
   </marc:datafield>
   <marc:datafield ind1="0" ind2="0" tag="245">
      <marc:subfield code="b">Hans-Jürgen Twisselmann</marc:subfield>
   </marc:datafield>
   <marc:datafield ind1=" " ind2="1" tag="264">
      <marc:subfield code="b">Brunnen Verl</marc:subfield>
      <marc:subfield code="c">1987</marc:subfield>
   </marc:datafield>
   <marc:datafield ind1="1" ind2=" " tag="520">
      <marc:subfield code="a">Über die verscheidenen Sonder-Gemeinschaften und Sekten exestiert inzwischen viel literatur, aber wenig ist von "" Insidern"" geschrieben worden. Hans Jürgen Twisselmann hat selbst fünf Jahre aktiv am Leben der ""Zeugen Jehovas"" teilgenommen und ihre Entwicklung durch jahrzehnte Beobachtet. Er ebzeugt, wie Gott ihn durch die Heilige Schrift selbstzur wahrheit und in die Freiheit geführt hat.</marc:subfield>
   </marc:datafield>
   <marc:datafield ind1="3" ind2=" " tag="024">
      <marc:subfield code="a">9783765522123</marc:subfield>
   </marc:datafield>
</marc:record>
